00509nam a2200181 a 4500001001300000003000900013005001700022008004100039020001000080082001600090100002700106245005800133260003600191300000900227500003500236650002900271700002700300nice12345678IN_TiNIC20260116012910.0070619s0000 ghaa grp 000 0 eng  ac10000a232.1bABD2 aAbdel-Wahab Ali, Ahmed aChrist as Seen in the Sources of the Christian Belief aGhaziabad bNo Publisher c0000 a213p aincludes index and biblioraphy aJesus Christ-Messiahship1 aAbdel-Wahab Ali, Ahmed